| 000 | 00604nam a2200193Ia 4500 | ||
|---|---|---|---|
| 003 | GCL | ||
| 008 | 140319s9999 xx 000 0 ara d | ||
| 040 |
_aGCL / _cGCL |
||
| 082 | 0 | 4 |
_a235.4 _bس س |
| 100 | 1 | _aالسجستانى , ابوداود سليمان الا | |
| 245 | 1 | 0 |
_aسنن ابى داود / _cالسجستانى , ابوداود سليمان الا |
| 700 | 1 | _aاحمد سعد على | |
| 260 |
_a[S.N] : _bصامد للنشر والتوزيع ، _c1952 |
||
| 490 | _a | ||
| 650 | 0 | 4 | _aالحديث |
| 650 | 0 | 4 | _aسنن ابى داود |
| 650 | 0 | 4 | _aابوداود |
| 942 |
_2ddc _cBK |
||
| 999 |
_c58787 _d58787 |
||